000 00708nam a2200253Ia 4500
003 OSt
005 20220927110338.0
006 a|||||r|||| 00| 0
007 ta
008 220926b |||||||| |||| 00| 0 eng d
024 _a55678
037 _cReports
040 _aRTL
_cRTL
_beng
041 _2eng
_aeng
082 _a"X:9:9-16.23665.N42t4, H4/GD"
110 _aPUNJAB ECONOMIC INQUIRY (Board of-)
245 0 _aDomestic budgets (1941-42) of thirty families
260 _c1946
300 _a36p.
_ccm.
650 _aWages
700 _aPUNJAB ECONOMIC INQUIRY (Board of-)
942 _h"X:9:9-16.23665.N42t4, H4/GD"
_cCC
999 _c695626
_d695626